Zvládanie konfliktu

Dokončenie článkov z predchádzajúcich čísiel o konfliktoch. Definovanie niekoľko osobnostných dispozícií, ktoré konflikt podporujú alebo brzdia.

Na minha lista:
Detalhes bibliográficos
Autor principal: Adamková, Hana, 1969-
Formato: Capítulo de Livro
Idioma:eslovaco
Assuntos:
Tags: Adicionar Tag
Sem tags, seja o primeiro a adicionar uma tag!

MARC

LEADER 00000naa a2200000 4500
001 r047238
005 20240502071341.7
041 0 |a slo 
044 |a SK 
245 1 0 |a Zvládanie konfliktu  |c Hana Adamková 
520 |a Dokončenie článkov z predchádzajúcich čísiel o konfliktoch. Definovanie niekoľko osobnostných dispozícií, ktoré konflikt podporujú alebo brzdia. 
610 2 0 |a konflikty 
610 2 0 |a kolektív 
610 2 0 |a osobnosť 
610 2 0 |a psychológia sociálna 
610 2 0 |a manažéri 
100 1 |a Adamková, Hana, 1969-